Přestavba hospodářského mechanismu ČSSR

Na minha lista:
Detalhes bibliográficos
Autor principal: Mošna, Zdeněk
Formato: Livro
Idioma:tcheco
Publicado em: Praha VŠE 1989
Edição:2. vyd.
Tags: Adicionar Tag
Sem tags, seja o primeiro a adicionar uma tag!

MARC

LEADER 00000nam a2200000 4500
001 c029520
005 20250630102133.4
041 0 |a cze 
044 |a CZ 
245 1 0 |a Přestavba hospodářského mechanismu ČSSR  |c Zdeněk Mošna a kol. 
250 |a 2. vyd. 
264 1 |a Praha  |b VŠE  |c 1989 
300 |a 195 s. 
100 1 |a Mošna, Zdeněk